000 00691nam a22002297a 4500
001 7987
003 FISKH
005 20250818093919.0
008 250818b cb ||||| |||| 00| 0 eng d
020 _a9780316323055
040 _aFISKH
_beng
_cFISKH
_dFISKH
050 _aPZ7.G751667 H
082 _a823.3
100 _aGraham, Bob
245 _aHere comes John /
_cBob Graham
260 _aBoston :
_bLittle Brown,
_c1984
300 _a30 unnumbered pages :
_bcolor illustrations ;
_c18 cm
505 _aNP
520 _aA snail must tolerate the threats presented by pesticides, a dog, a little girl, and most importantly one small boy.
942 _2ddc
_cBK
_n0
999 _c7987
_d7987